| 000 | 00660nam a22001937a 4500 | ||
|---|---|---|---|
| 005 | 20251027194438.0 | ||
| 008 | 251027b |||||||| |||| 00| 0 eng d | ||
| 020 | _a9781556644306 | ||
| 050 |
_aRT41 _b.M488 |
||
| 245 |
_aMedical-Surgical Nursing _bAssessment and Management of Clinical Problems _cedited by Sharon Mantik Lewis, Margaret Mclean Heitkemper & Shannon Ruff Dirksen |
||
| 250 | _a5th ed. | ||
| 260 |
_aSt. Louis _bMosby _c2000 |
||
| 300 |
_axxxi.1998p. _bill. color _c28cm |
||
| 500 | _aincludes index | ||
| 700 | _aLewis, Sharon Mantik | ||
| 700 | _aHeitkemper, Margaret Mclean | ||
| 700 | _aDirksen, Shannon Ruff | ||
| 942 |
_2lcc _cBK _e5th ed. _n0 |
||
| 999 |
_c7831 _d7831 |
||